[Event "69.ITA Provinciale VE"]
[Site "Mestre Capablanca ITA"]
[Date "2009.02.01"]
[Round "5.1"]
[White "Litrico, Paolo"]
[Black "Boscolo, Marco"]
[Result "1-0"]
[WhiteElo "1885"]
[BlackElo "2129"]
[Annotator "Gabriele Ballarin"]
[PlyCount "151"]
[EventDate "2009.01.30"]
[EventType "swiss"]
[EventRounds "5"]
[EventCountry "ITA"]

1. d4 e6 2. Nf3 Nf6 3. Bf4 d5 4. e3 Bd6 5. Ne5 O-O 6. Nd2 c5 7. c3 Nc6 8. Bd3 Qc7 9. Ndf3 Ne4 10. Bg3 f6 11. Nxc6 Qxc6 12. Qc2 cxd4 13. Nxd4 Qb6 14. Bxe4 dxe4 15. Bxd6 Qxd6 16. Qxe4 f5 17. Qc2 e5 18. Nf3 f4 19. exf4 e4 20. Qxe4 Bg4 21. O-O Rxf4 22. Qe5 Qf8 23. Nd4 Re8 24. Qd5+ Kh8 25. f3 Bc8 26. Rae1 Rd8 27. Qa5 a6 28. Re2 Rf6 29. Rfe1 Rfd6 30. Re7 h6 31. Qe5 Rb6 32. Re8 Rxe8 33. Qxe8 Kg8 34. Qxf8+ Kxf8 35. Re2 Kf7 36. Kf2 Bd7 37. h3 Rd6 38. f4 b5 39. a3 Rf6 40. Kg3 Bc8 41. Re5 Bb7 42. Rf5 Rxf5 43. Nxf5 Kf6 44. Ne3 Be4 45. Kh4 g6 46. g4 g5+ 47. Kg3 Bc6 48. Nf5 h5 49. fxg5+ Kxg5 50. h4+ Kf6 51. Nd4 Be8 52. g5+ Ke5 53. Kf3 Bg6 54. Ke3 Be8 55. Nf3+ Kf5 56. Kd4 Bf7 57. Ne5 Bg8 58. g6 Kf4 59. Nf7 Kg3 60. Ke4 Kxh4 61. Kf4 Kh3 62. Nh6 Bb3 63. g7 h4 64. g8=Q Bxg8 65. Nxg8 Kg2 66. Nf6 Kf2 67. b3 Ke2 68. c4 Kd3 69. c5 Kc3 70. c6 Kxb3 71. c7 Kxa3 72. c8=Q a5 73. Qc3+ Ka4 74. Nd5 b4 75. Qb2 Kb5 76. Nxb4 1-0

[Event "69.ITA Provinciale VE"]
[Site "Mestre Capablanca ITA"]
[Date "2009.02.01"]
[Round "5.3"]
[White "Zangrando, Gianpietro"]
[Black "Chiesa, Roberto"]
[Result "0-1"]
[WhiteElo "1829"]
[BlackElo "1778"]
[Annotator "Gabriele Ballarin"]
[PlyCount "110"]
[EventDate "2009.01.30"]
[EventType "swiss"]
[EventRounds "5"]
[EventCountry "ITA"]

1. d4 d5 2. Nf3 Nf6 3. e3 g6 4. Bd3 Bg7 5. O-O O-O 6. Nbd2 b6 7. Qe2 Bb7 8. e4 dxe4 9. Nxe4 Nbd7 10. Re1 Re8 11. Neg5 e6 12. c3 Rc8 13. Bf4 c5 14. Ne5 Nxe5 15. Bxe5 cxd4 16. Bxd4 Qd5 17. f4 Qd8 18. Rad1 Nd5 19. Bxg7 Kxg7 20. Qf2 Qf6 21. Rf1 Rcd8 22. Ne4 Qe7 23. Bb5 Rf8 24. Rd4 Nc7 25. Ba4 Bxe4 26. Rxe4 Nd5 27. Bb3 Nf6 28. Re5 Ng4 29. Qe2 Nxe5 30. Qxe5+ Qf6 31. Qc7 Ra8 32. Re1 Qd8 33. Qe5+ Kg8 34. f5 exf5 35. Rd1 Qe8 36. Qf6 Qe3+ 37. Kf1 Rae8 38. h4 (38. a4 Qe2+ 39. Kg1 Qe7 40. Qxe7 Rxe7 41. Kf2 Rfe8 42. Kf3 Re3+ 43. Kf4 h6 44. Rd4 R8e4+ 45. Rxe4 Rxe4+ 46. Kg3 Re2) 38... Qe2+ 39. Kg1 Qe7 40. Qxe7 Rxe7 41. Kf2 Rfe8 42. Kf3 Re3+ 43. Kf4 h6 44. Rd4 R8e4+ 45. Rxe4 Rxe4+ 46. Kg3 Re2 47. h5 g5 48. Kf3 Rxb2 49. g4 fxg4+ 50. Kxg4 Rf2 51. Kg3 Rf4 52. Bd5 Kg7 53. c4 Kf6 54. a4 Ke5 55. Kg2 Kd6 {0-1 Zangrando,G (1829)-Chiesa,R (1778)/Mestre 2009} 0-1

[Event "69.ITA Provinciale VE"]
[Site "Mestre Capablanca ITA"]
[Date "2009.02.01"]
[Round "5.4"]
[White "Cedriano, Filippo"]
[Black "Bortolussi, Andrea"]
[Result "1-0"]
[WhiteElo "2025"]
[BlackElo "1855"]
[Annotator "Gabriele Ballarin"]
[PlyCount "62"]
[EventDate "2009.01.30"]
[EventType "swiss"]
[EventRounds "5"]
[EventCountry "ITA"]

1. e4 e5 2. Bc4 Nf6 3. Qf3 Nc6 4. Ne2 d6 5. h3 Be6 6. d3 Qd7 7. Be3 d5 8. Bb5 dxe4 9. dxe4 a6 10. Ba4 O-O-O 11. Nbc3 Bb4 12. O-O Bc4 13. Rfd1 Qe6 14. Bb3 Kb8 15. Nd5 Bxb3 16. axb3 Be7 17. Rd2 Rd7 18. Rad1 Rhd8 19. Ng3 Nd4 20. Bxd4 exd4 21. Rxd4 c6 22. Nf4 Rxd4 23. Rxd4 Qe5 24. Rxd8+ Bxd8 25. Nd3 Qa5 26. e5 Nd7 27. Qf5 Qd5 28. Nf4 Qd2 29. Nd3 Kc8 30. Ne4 Qxc2 31. Nec5 Qd1+ 1-0

[Event "69.ITA Provinciale VE"]
[Site "Mestre Capablanca ITA"]
[Date "2009.02.01"]
[Round "5.5"]
[White "Bozzao, Francesco"]
[Black "Franceschini, Corrado"]
[Result "0-1"]
[WhiteElo "1910"]
[BlackElo "1765"]
[Annotator "Gabriele Ballarin"]
[PlyCount "78"]
[EventDate "2009.01.30"]
[EventType "swiss"]
[EventRounds "5"]
[EventCountry "ITA"]

1. e4 c5 2. Nf3 d6 3. d4 cxd4 4. Nxd4 Nf6 5. Nc3 a6 6. Bg5 e6 7. f4 Be7 8. Qf3 Qc7 9. O-O-O Nbd7 10. g4 b5 11. Bxf6 Nxf6 12. g5 Nd7 13. f5 Nc5 14. f6 gxf6 15. gxf6 Bf8 16. Rg1 Bb7 17. Bh3 b4 18. Nd5 exd5 19. exd5 Nd7 20. Bxd7+ Qxd7 21. Qe4+ Kd8 22. Rg7 Bxg7 23. fxg7 Rg8 24. Nc6+ Kc7 25. Qxh7 Bxc6 26. dxc6 Qe6 27. Rf1 Rae8 28. b3 Qg6 29. Qh4 Rxg7 30. Qxb4 Qg5+ 31. Kb1 Qb5 32. Qf4 f5 33. a4 Qxc6 34. Qxf5 Rge7 35. Rf4 Re5 36. Qd3 R8e7 37. Qh3 Rc5 38. c4 Rce5 39. Qh8 Re2 0-1

[Event "69.ITA Provinciale VE"]
[Site "Mestre Capablanca ITA"]
[Date "2009.02.01"]
[Round "5.6"]
[White "Renier, Renzo"]
[Black "Ballarin, Gabriele"]
[Result "1-0"]
[WhiteElo "2017"]
[BlackElo "1828"]
[Annotator "Gabriele Ballarin"]
[PlyCount "69"]
[EventDate "2009.01.30"]
[EventType "swiss"]
[EventRounds "5"]
[EventCountry "ITA"]

1. e4 c5 2. Nf3 d6 3. d4 cxd4 4. Nxd4 Nf6 5. Nc3 Nc6 6. Bc4 e6 7. Be3 a6 8. Bb3 Na5 9. Qe2 Nxb3 10. Nxb3 b5 11. a3 Bb7 12. f3 Qc7 13. O-O-O d5 14. exd5 Nxd5 15. Nxd5 Bxd5 16. Rxd5 exd5 17. Bb6+ Qe7 18. Qd2 Qd6 19. Re1+ Kd7 20. Bd4 Rc8 21. Qe3 Qe6 22. Qf2 Qg6 23. Bc3 Bd6 24. Rd1 Rhd8 25. Rxd5 Ke8 26. Qe3+ Kf8 27. Rg5 Re8 28. Rxg6 Rxe3 29. Rxd6 Re2 30. Rd2 Re1+ 31. Rd1 Re2 32. Rg1 f6 33. Nd4 Re3 34. Bb4+ Kf7 35. Nf5 1-0

[Event "69.ITA Provinciale VE"]
[Site "Mestre Capablanca ITA"]
[Date "2009.02.01"]
[Round "5.7"]
[White "Velluti, Alberto"]
[Black "Bordin, Renato"]
[Result "1-0"]
[WhiteElo "1929"]
[BlackElo "1530"]
[Annotator "Gabriele Ballarin"]
[PlyCount "59"]
[EventDate "2009.01.30"]
[EventType "swiss"]
[EventRounds "5"]
[EventCountry "ITA"]

1. e4 e6 2. d4 d5 3. exd5 exd5 4. Bd3 Nf6 5. Nf3 Be7 6. c4 O-O 7. O-O Bg4 8. Be3 Nc6 9. Nbd2 Bb4 10. Nb3 Qd7 11. c5 Ba5 12. Bb5 b6 13. Nxa5 bxa5 14. Qa4 Bxf3 15. gxf3 Qh3 16. Bxc6 Rab8 17. Qa3 Ng4 18. Bf4 Nxh2 19. Bxh2 f5 20. Bxd5+ Kh8 21. Rfe1 Rf6 22. Re6 Rd8 23. Qe3 Qh5 24. Re1 Qg5+ 25. Kf1 Qh5 26. Re8+ Rf8 27. Rxf8+ Rxf8 28. Qe7 Qh3+ 29. Kg1 Rb8 30. Qe8+ 1-0

[Event "69.ITA Provinciale VE"]
[Site "Mestre Capablanca ITA"]
[Date "2009.02.01"]
[Round "5.9"]
[White "Urbinati, Niccolò"]
[Black "Niespoli, Carlo"]
[Result "1-0"]
[WhiteElo "1569"]
[BlackElo "1600"]
[Annotator "Gabriele Ballarin"]
[PlyCount "59"]
[EventDate "2009.01.30"]
[EventType "swiss"]
[EventRounds "5"]
[EventCountry "ITA"]

1. e4 e5 2. Nf3 Nc6 3. d4 exd4 4. Nxd4 Nf6 5. Nc3 Bb4 6. Nxc6 bxc6 7. Bd3 d5 8. exd5 cxd5 9. O-O O-O 10. Bg5 c6 11. Qf3 Be7 12. h3 Be6 13. Ne2 h6 14. Bh4 g5 15. Bg3 Ne4 16. Bxe4 dxe4 17. Qxe4 Bd5 18. Qd3 f5 19. f3 Bf6 20. c3 Re8 21. Nd4 Qb6 22. Qd2 Bxd4+ 23. cxd4 f4 24. Bf2 Qa6 25. Qc2 Re2 26. Qg6+ Kf8 27. Qxh6+ Kf7 28. Qxg5 Rg8 29. Qxf4+ Ke7 30. Rfe1 1-0

[Event "69.ITA Provinciale VE"]
[Site "Mestre Capablanca ITA"]
[Date "2009.02.01"]
[Round "5.10"]
[White "Loris, Stefano"]
[Black "Civitareale, Alberto"]
[Result "1/2-1/2"]
[WhiteElo "1416"]
[BlackElo "1658"]
[Annotator "Gabriele Ballarin"]
[PlyCount "94"]
[EventDate "2009.01.30"]
[EventType "swiss"]
[EventRounds "5"]
[EventCountry "ITA"]

1. d4 d5 2. c4 e6 3. Nf3 Nf6 4. Bf4 Be7 5. Nc3 O-O 6. e3 Nbd7 7. Bd3 a6 8. Qc2 b6 9. Ne5 Bb7 10. cxd5 exd5 11. O-O c5 12. Rfe1 c4 13. Bf5 Re8 14. Nxd7 Nxd7 15. Bxh7+ Kf8 16. Bf5 Nf6 17. Qe2 Bc8 18. Bxc8 Rxc8 19. a3 Qd7 20. Qf3 b5 21. h3 Bd8 22. Be5 Ne4 23. Qh5 Kg8 24. f3 Nxc3 25. bxc3 Bc7 26. Bxc7 Rxc7 27. Re2 Rc6 28. Qh4 Rh6 29. Qf2 Rg6 30. g4 f5 31. Kh2 Qd6+ 32. Kh1 Rh6 33. Qh2 Qg6 34. Rg1 Qh7 35. Rg3 f4 36. exf4 Rxe2 37. Qxe2 Rxh3+ 38. Rxh3 Qxh3+ 39. Kg1 Qg3+ 40. Kf1 Qxf4 41. Qe6+ Qf7 42. Qxf7+ Kxf7 43. Ke2 Kf6 44. f4 g6 45. Kd2 a5 46. Kc2 Ke6 47. Kb2 a4 1/2-1/2

[Event "69.ITA Provinciale VE"]
[Site "Mestre Capablanca ITA"]
[Date "2009.02.01"]
[Round "5.11"]
[White "Di Fresco, Michele"]
[Black "Bortolussi, Francesco"]
[Result "1/2-1/2"]
[WhiteElo "1407"]
[BlackElo "1476"]
[Annotator "Gabriele Ballarin"]
[PlyCount "58"]
[EventDate "2009.01.30"]
[EventType "swiss"]
[EventRounds "5"]
[EventCountry "ITA"]

1. e4 c5 2. c3 Nc6 3. d4 cxd4 4. cxd4 d5 5. exd5 Qxd5 6. Be3 e6 7. Nf3 Bb4+ 8. Nc3 Qd8 9. Rc1 Nge7 10. Be2 O-O 11. a3 Ba5 12. O-O Nf5 13. Qd2 Qd7 14. Bb5 a6 15. Ne5 Qc7 16. Nxc6 bxc6 17. Ba4 Rd8 18. Rfd1 c5 19. Qd3 Qe7 20. Ne2 cxd4 21. Nxd4 Nxd4 22. Bxd4 Bb7 23. Qg3 f6 24. b4 e5 25. Bb3+ Kh8 26. Bc5 Rxd1+ 27. Rxd1 Qc7 28. Qe3 Qc6 29. Bd5 Rd8 1/2-1/2

[Event "69.ITA Provinciale VE"]
[Site "Mestre Capablanca ITA"]
[Date "2009.02.01"]
[Round "5.12"]
[White "Pomponio, Stefano"]
[Black "Pasqualetto, Lorenzo"]
[Result "0-1"]
[WhiteElo "1365"]
[BlackElo "1440"]
[Annotator "Gabriele Ballarin"]
[PlyCount "96"]
[EventDate "2009.01.30"]
[EventType "swiss"]
[EventRounds "5"]
[EventCountry "ITA"]

1. g3 d5 2. Bg2 e5 3. d3 Nf6 4. Nf3 Bd6 5. O-O Nbd7 6. Nbd2 c5 7. Re1 O-O 8. e4 dxe4 9. dxe4 b6 10. Nc4 Bc7 11. Bg5 Qe7 12. Bxf6 Nxf6 13. Nh4 Rd8 14. Qe2 b5 15. Ne3 a6 16. Nef5 Qe8 17. Rad1 Bb7 18. g4 Rxd1 19. Rxd1 Rd8 20. Rxd8 Qxd8 21. g5 Ne8 22. Nf3 Nd6 23. Nxd6 Qxd6 24. h4 c4 25. Nh2 Bb6 26. Ng4 Qe6 27. Bh3 Qc6 28. Nxe5 Qxe4 29. Qxe4 Bxe4 30. c3 Bc7 31. f4 f6 32. Be6+ Kf8 33. gxf6 gxf6 34. Nd7+ Ke7 35. f5 Bg3 36. h5 Bf3 37. Nc5 a5 38. a4 b4 39. cxb4 axb4 40. Bxc4 Bxh5 41. a5 Bd6 42. Nb7 Bc7 43. a6 Bf3 44. Kf2 Bc6 45. Nc5 Bb6 46. Kg3 Bxc5 47. Kh4 Be4 48. Be6 Be3 0-1

[Event "69.ITA Provinciale VE"]
[Site "Mestre Capablanca ITA"]
[Date "2009.02.01"]
[Round "5.13"]
[White "Bellon, Antonio"]
[Black "You Yi Ning, Francesca"]
[Result "0-1"]
[WhiteElo "1398"]
[BlackElo "1434"]
[Annotator "Gabriele Ballarin"]
[PlyCount "108"]
[EventDate "2009.01.30"]
[EventType "swiss"]
[EventRounds "5"]
[EventCountry "ITA"]

1. e4 e5 2. Nf3 Nc6 3. d4 exd4 4. Nxd4 Bc5 5. Be3 Qf6 6. c3 Nge7 7. Be2 d5 8. Bf3 Be6 9. O-O dxe4 10. Bxe4 Bd5 11. Bxd5 Nxd5 12. Nxc6 Nxe3 13. fxe3 Bxe3+ 14. Kh1 Qxc6 15. Qe2 Qb6 16. Rf3 O-O-O 17. Rxe3 Qxe3 18. Qxe3 Rd1+ 19. Qg1 Rhd8 20. Na3 Rxg1+ 21. Kxg1 f5 22. Re1 g5 23. Re5 Rd1+ 24. Kf2 Rd2+ 25. Kf3 g4+ 26. Kg3 Rxb2 27. Rxf5 Rxa2 28. Nb5 c6 29. Nd6+ Kc7 30. Ne4 h6 31. Rh5 Ra4 32. Nf6 Rc4 33. Nxg4 Rxc3+ 34. Kf4 a5 35. Rxa5 Rc4+ 36. Kf5 h5 37. Ne3 Rc3 38. Kf4 h4 39. g4 hxg3 40. hxg3 b5 41. Ra1 b4 42. g4 Kd6 43. g5 Ke6 44. Ke4 b3 45. Ra3 b2 46. Rxc3 b1=Q+ 47. Kf4 Qb4+ 48. Rc4 Qd6+ 49. Kg4 Qe5 50. Rxc6+ Kd7 51. Rf6 Qxe3 52. g6 Qh6 53. Rf7+ Ke6 54. Rh7 Qxg6+ 0-1

[Event "69.Camp. Veneto Quarti di Finale"]
[Site "Trichiana (BL)"]
[Date "2009.05.09"]
[Round "1.5"]
[White "Bettera, Roberto"]
[Black "Pomponio, Stefano"]
[Result "1-0"]
[WhiteElo "2024"]
[BlackElo "1443"]
[Annotator "Roberto Bettera"]
[PlyCount "77"]
[EventDate "2009.05.09"]
[EventType "swiss"]
[EventRounds "6"]
[EventCountry "ITA"]

1. d4 Nf6 2. c4 e6 3. Nf3 Be7 4. Nc3 O-O 5. e4 d6 6. Be2 Nbd7 7. h3 b6 8. Be3 Bb7 9. Qc2 Re8 10. d5 e5 11. O-O Nf8 12. Rab1 Ng6 13. Qd2 Nh5 14. Ne1 Nf6 15. b4 Bc8 16. Nd3 Bd7 17. c5 Rb8 18. cxd6 Bxd6 19. b5 Rf8 20. Nb4 Bxb4 21. Rxb4 Ne8 22. Rc1 Nd6 23. a4 f5 24. Bg5 Qe8 25. exf5 Bxf5 26. Bg4 Bxg4 27. Rxg4 Rf5 28. Ne4 Qf7 29. Nxd6 cxd6 30. Rc6 h6 31. Be3 Qd7 32. Rxg6 Rbf8 33. Rcxd6 Qf7 34. Rde6 Kh7 35. Qe2 e4 36. d6 Rd5 37. Qg4 Rg8 38. Rxh6+ gxh6 39. Rxh6# 1-0

[Event "69.Camp. Veneto Quarti di Finale"]
[Site "Trichiana (BL)"]
[Date "2009.05.10"]
[Round "2.5"]
[White "Bonollo, Sergio"]
[Black "Bettera, Roberto"]
[Result "1/2-1/2"]
[WhiteElo "1814"]
[BlackElo "2024"]
[Annotator "Roberto Bettera"]
[PlyCount "45"]
[EventDate "2009.05.09"]
[EventType "swiss"]
[EventRounds "6"]
[EventCountry "ITA"]

1. e4 e5 2. Nf3 Nc6 3. Bb5 a6 4. Bxc6 dxc6 5. O-O f6 6. d4 exd4 7. Nxd4 c5 8. Nb3 Qxd1 9. Rxd1 Bg4 10. f3 Bd7 11. Nc3 O-O-O 12. Be3 b6 13. a4 a5 14. Kf2 Ne7 15. Nd5 Nc6 (15... Nxd5 $1 $17) 16. Bf4 Ne5 17. Bxe5 fxe5 18. Nd2 Re8 19. Nc4 Bc6 20. b3 (20. b4) 20... Re6 21. Nce3 (21. h4) 21... g6 22. c4 h5 23. Rd3 $11 1/2-1/2

[Event "69.Camp. Veneto Quarti di Finale"]
[Site "Trichiana (BL)"]
[Date "2009.05.10"]
[Round "3.3"]
[White "Bettera, Roberto"]
[Black "Testa, Enrico Timothy"]
[Result "1-0"]
[WhiteElo "2024"]
[BlackElo "1440"]
[Annotator "Roberto Bettera"]
[PlyCount "93"]
[EventDate "2009.05.09"]
[EventType "swiss"]
[EventRounds "6"]
[EventCountry "ITA"]

1. d4 Nf6 2. c4 g6 3. Nc3 d5 4. Bf4 Bg7 5. Nf3 c5 6. dxc5 Qa5 7. cxd5 Nxd5 8. Qxd5 Bxc3+ 9. Bd2 Bxd2+ 10. Qxd2 Qxd2+ 11. Nxd2 Na6 12. Rc1 Bd7 13. a3 Rc8 14. b4 Bb5 15. Nb3 e5 16. g3 Bc6 17. f3 Ba4 18. Na5 Rc7 19. Nc4 f6 20. Nd6+ Ke7 21. e4 Rd8 22. Nxb7 Rxb7 23. Bxa6 Rbd7 24. O-O Rd2 25. Rf2 Rd1+ 26. Rxd1 Rxd1+ 27. Rf1 Rxf1+ 28. Kxf1 Kd7 29. Ke2 Kc6 30. Kd2 g5 31. Bc8 Bb3 32. Bf5 h6 33. Bg6 a6 34. Be8+ Kc7 35. Kc3 Bd1 36. f4 Kd8 37. Bc6 Kc7 38. Bd5 Ba4 39. fxe5 fxe5 40. Kd3 Bd1 41. Kc3 Bf3 42. a4 Bd1 43. Bb3 Bf3 44. Bc2 Kc6 45. Bd3 Bd1 46. Bxa6 Bxa4 47. Kc4 1-0

[Event "69.Camp. Veneto Quarti di Finale"]
[Site "Trichiana (BL)"]
[Date "2009.05.23"]
[Round "4.2"]
[White "Porta, Federico"]
[Black "Bettera, Roberto"]
[Result "1/2-1/2"]
[WhiteElo "1850"]
[BlackElo "2024"]
[Annotator "Roberto Bettera"]
[PlyCount "57"]
[EventDate "2009.05.09"]
[EventType "swiss"]
[EventRounds "6"]
[EventCountry "ITA"]

1. d4 Nf6 2. Bf4 g6 3. e3 Bg7 4. Nf3 d6 5. h3 O-O 6. Be2 b6 7. O-O c5 8. c3 Ba6 9. a4 Bxe2 10. Qxe2 Nc6 11. Na3 Qd7 12. Rfd1 Nd5 13. Bg3 cxd4 14. Nxd4 Nxd4 15. exd4 a6 16. Qc4 e6 17. Qb3 Rfc8 18. Nc4 Bf8 19. Ra2 b5 20. axb5 axb5 21. Nd2 Kg7 $11 22. Ne4 f5 23. Ng5 h6 24. Nf3 Be7 25. Rda1 Rxa2 26. Rxa2 f4 27. Bh2 g5 28. Ra5 Nc7 (28... b4 $1) 29. g3 $11 1/2-1/2

[Event "69.Camp. Veneto Quarti di Finale"]
[Site "Trichiana (BL)"]
[Date "2009.05.24"]
[Round "5.1"]
[White "Bettera, Roberto"]
[Black "Luciani, Valerio"]
[Result "0-1"]
[WhiteElo "2024"]
[BlackElo "2220"]
[Annotator "Roberto Bettera"]
[PlyCount "84"]
[EventDate "2009.05.09"]
[EventType "swiss"]
[EventRounds "6"]
[EventCountry "ITA"]

1. d4 f5 2. g3 Nf6 3. Bg2 g6 4. c4 Bg7 5. Nc3 d6 6. d5 Na6 7. Nh3 O-O 8. Nf4 e5 9. dxe6 c6 10. O-O Qe7 11. Bd2 Bxe6 12. b3 Bf7 13. Re1 Nc5 14. Qc2 Nce4 15. Rad1 Nxd2 16. Qxd2 Rad8 17. e4 fxe4 18. Nxe4 Nxe4 19. Bxe4 $11 Qf6 20. Qc2 Rd7 21. h4 Bh6 22. Ng2 d5 23. cxd5 cxd5 24. Bd3 a6 25. h5 (25. f4 $1) 25... Be6 26. hxg6 hxg6 27. Bxg6 Bg4 28. Rb1 Rg7 29. Bd3 Bf3 30. Ne3 Bxe3 31. Rxe3 Qh4 32. Rxf3 Rxf3 33. Bf1 Qd4 34. Kg2 Rgf7 35. Rb2 Rxf2+ 36. Qxf2 Rxf2+ 37. Rxf2 Qe4+ 38. Kh2 b5 39. Bg2 Qe5 40. Bf3 d4 41. Re2 Qc5 42. Be4 Qh5+ 0-1

[Event "69.Camp. Veneto Quarti di Finale"]
[Site "Trichiana (BL)"]
[Date "2009.05.24"]
[Round "6.5"]
[White "Spano, Alfredo"]
[Black "Bettera, Roberto"]
[Result "0-1"]
[WhiteElo "1913"]
[BlackElo "2024"]
[Annotator "Roberto Bettera"]
[PlyCount "58"]
[EventDate "2009.05.09"]
[EventType "swiss"]
[EventRounds "6"]
[EventCountry "ITA"]

1. e4 e5 2. Nf3 Nc6 3. d3 Nf6 4. Be2 g6 5. c3 Bg7 6. Qc2 O-O 7. O-O d5 8. Nbd2 h6 9. b4 a6 10. a4 Re8 11. Bb2 Nh5 12. b5 Nb8 13. g3 c6 14. d4 exd4 15. cxd4 dxe4 16. Ne5 axb5 17. axb5 Rxa1 18. Rxa1 Nf6 19. bxc6 Qc7 20. Ra7 Nxc6 21. Bb5 Bd7 22. Nxe4 Nxe4 23. Bxc6 Bxc6 24. d5 Bxe5 25. dxc6 Qxc6 26. Qb3 Nc5 27. Qc4 Bxb2 28. f3 Qxf3 29. Qb4 Bd4+ 0-1

[Event "12.Open B"]
[Site "Padova"]
[Date "2009.12.13"]
[Round "2.35"]
[White "Zanchetta, Nicola"]
[Black "Butilica, Michele"]
[Result "1-0"]
[WhiteElo "1807"]
[BlackElo "1440"]
[Annotator "Gabriele Ballarin"]
[PlyCount "65"]
[EventDate "2009.12.12"]
[EventType "swiss"]
[EventCountry "ITA"]

1. e4 b6 2. d4 Bb7 3. Nc3 d6 4. a3 Nc6 5. f4 g6 6. Nf3 Bg7 7. Be3 e6 8. Bb5 a6 9. Bd3 Nf6 10. O-O O-O 11. f5 Ng4 12. Qe2 Nxe3 13. Qxe3 exf5 14. exf5 Re8 15. Qf2 g5 16. d5 Ne5 17. Nxe5 dxe5 18. f6 Bxf6 19. Qxf6 Qxf6 20. Rxf6 Kg7 21. Raf1 Re7 22. Be4 Rd8 23. g4 Rd6 24. Rxd6 cxd6 25. Nd1 Rc7 26. Ne3 Bc8 27. h3 h6 28. Kg2 f6 29. c4 Ra7 30. Bf5 Rc7 31. Bxc8 Rxc8 32. Nf5+ Kg6 33. Ne7+ 1-0

[Event "12.Open B"]
[Site "Padova"]
[Date "2009.12.20"]
[Round "5.27"]
[White "Zanchetta, Nicola"]
[Black "Alessi, Giovanni"]
[Result "1-0"]
[WhiteElo "1807"]
[BlackElo "1576"]
[Annotator "Gabriele Ballarin"]
[PlyCount "89"]
[EventDate "2009.12.12"]
[EventType "swiss"]
[EventCountry "ITA"]

1. e4 c5 2. Nf3 d6 3. d4 cxd4 4. Nxd4 Nf6 5. Nc3 a6 6. Be3 e6 7. f3 Be7 8. Qd2 Bd7 9. Be2 Nc6 10. g4 Nxd4 11. Bxd4 e5 12. Be3 Bc6 13. Bc4 h6 14. Rg1 Nh7 15. O-O-O Ng5 16. Rdf1 Qc7 17. Kb1 Nh3 18. Rg3 Ng5 19. h4 Ne6 20. Rh3 O-O-O 21. Bd5 g5 22. h5 Rhf8 23. Bxc6 Qxc6 24. Nd5 Rfe8 25. Bb6 Rd7 26. f4 exf4 27. Rc3 Nc5 28. b4 Nxe4 29. Rxc6+ bxc6 30. Nxe7+ Rexe7 31. Qd4 c5 32. Qd3 Kb7 33. Re1 Nf2 34. Qd5+ Kxb6 35. Rxe7 Kc7 36. Rxd7+ Kxd7 37. Qxf7+ Kc6 38. Qe8+ Kd5 39. Qe2 Ne4 40. Qd3+ Ke5 41. c4 Nf6 42. Qf5+ Kd4 43. Qxf6+ Kxc4 44. Qxd6 Kxb4 45. Qxh6 1-0

[Event "12.Open B"]
[Site "Padova"]
[Date "2009.12.20"]
[Round "6.26"]
[White "Mihalcea, Vasile"]
[Black "Zanchetta, Nicola"]
[Result "0-1"]
[WhiteElo "1508"]
[BlackElo "1807"]
[Annotator "Gabriele Ballarin"]
[PlyCount "80"]
[EventDate "2009.12.12"]
[EventType "swiss"]
[EventCountry "ITA"]

1. e4 c5 2. Nf3 e6 3. d4 cxd4 4. Nxd4 Bc5 5. Be3 Qb6 6. b3 Nc6 7. Nb5 Bxe3 8. fxe3 Qxe3+ 9. Qe2 Qxe2+ 10. Bxe2 Ke7 11. O-O a6 12. N5c3 Nh6 13. Nd2 f5 14. a3 Rf8 15. Bd3 g6 16. Rae1 fxe4 17. Rxe4 Rxf1+ 18. Bxf1 Kf6 19. Rf4+ Kg7 20. Nce4 d5 21. Nc5 b6 22. Na4 Rb8 23. c4 d4 24. b4 e5 25. Rf2 Bf5 26. h3 e4 27. Nb3 e3 28. Rb2 d3 29. c5 b5 30. Nb6 Rd8 31. Na5 Nxa5 32. bxa5 d2 33. Be2 Bd3 34. Bf3 e2 35. Bxe2 Bxe2 36. Kf2 d1=Q 37. c6 Rf8+ 38. Kg3 Qd6+ 39. Kh4 Qf6+ 40. Kg3 Qf4# 0-1

[Event "12.Città di Padova Open A"]
[Site "Padova"]
[Date "2009.12.13"]
[Round "1.1"]
[White "Dervishi, Erald"]
[Black "Garonzi, Martino"]
[Result "1-0"]
[WhiteElo "2564"]
[BlackElo "2028"]
[Annotator "Gabriele Ballarin"]
[PlyCount "65"]
[EventDate "2009.12.13"]
[EventType "swiss"]
[EventRounds "9"]
[EventCountry "ITA"]

1. e4 c5 2. Nf3 d6 3. d4 cxd4 4. Nxd4 Nf6 5. Nc3 g6 6. Bc4 Bg7 7. Be3 O-O 8. f3 Nc6 9. Qd2 Bd7 10. O-O-O Rc8 11. Bb3 a6 12. h4 h5 13. Nde2 Ne5 14. Bh6 Nc4 15. Bxc4 Rxc4 16. Bxg7 Kxg7 17. Nd5 Nxd5 18. exd5 Qb6 19. b3 Rc7 20. Nd4 Rfc8 21. Rhe1 e5 22. dxe6 fxe6 23. Rxe6 Rxc2+ 24. Nxc2 Bxe6 25. Kb2 Qc5 26. Re1 Bf5 27. Nd4 Rc7 28. Re2 Kf7 29. Qe3 Kg7 30. g4 hxg4 31. fxg4 Bxg4 32. Rg2 Qe5 33. Rxg4 1-0

[Event "12.Città di Padova Open A"]
[Site "Padova"]
[Date "2009.12.13"]
[Round "1.2"]
[White "Casciello, Dimitri"]
[Black "Salvador, Roland"]
[Result "0-1"]
[WhiteElo "2028"]
[BlackElo "2491"]
[Annotator "Gabriele Ballarin"]
[PlyCount "118"]
[EventDate "2009.12.13"]
[EventType "swiss"]
[EventRounds "9"]
[EventCountry "ITA"]

1. e4 c5 2. Nf3 Nc6 3. Nc3 Nd4 4. Bc4 Nf6 5. d3 d6 6. h3 a6 7. a4 e6 8. O-O Qc7 9. Be3 Nxf3+ 10. Qxf3 Be7 11. Rfe1 O-O 12. Qg3 Rd8 13. Bh6 g6 14. Qe3 Bd7 15. Bg5 Bc6 16. e5 Nh5 17. exd6 Rxd6 18. Bxe7 Qxe7 19. Qxc5 b6 20. Qe5 f6 21. Qxd6 Qxd6 22. Rxe6 Qb4 23. Rxc6+ Kh8 24. Bb3 Re8 25. Rc4 Qd6 26. Re4 Rxe4 27. Nxe4 Qd4 28. Rd1 f5 29. Ng5 h6 30. c3 Qf6 31. Nf7+ Kg7 32. d4 Nf4 33. Re1 Qc6 34. f3 Qf6 35. g3 Nd3 36. Re8 Qc6 37. Rg8+ Kf6 38. Ne5 Nxe5 39. dxe5+ Kxe5 40. Kf2 f4 41. gxf4+ Kxf4 42. Rf8+ Ke5 43. Rd8 Qc7 44. Rd5+ Kf6 45. Kg2 h5 46. h4 Qf4 47. Rd4 Qc1 48. Rd6+ Kg7 49. Rxb6 Qxb2+ 50. Kg3 Qxc3 51. Rb7+ Kf8 52. Kf4 Qd2+ 53. Ke5 Qe3+ 54. Kd6 Qf4+ 55. Ke6 Qf5+ 56. Kd6 Qxf3 57. Rf7+ Qxf7 58. Bxf7 Kxf7 59. Ke5 a5 0-1

[Event "12.Città di Padova Open A"]
[Site "Padova"]
[Date "2009.12.13"]
[Round "1.3"]
[White "Sanchez, Joseph"]
[Black "Boscolo, Federico Meneguolo"]
[Result "1-0"]
[WhiteElo "2487"]
[BlackElo "1990"]
[Annotator "Gabriele Ballarin"]
[PlyCount "54"]
[EventDate "2009.12.13"]
[EventType "swiss"]
[EventRounds "9"]
[EventCountry "ITA"]

1. e4 c5 2. Nf3 d6 3. d4 cxd4 4. Qxd4 Nc6 5. Bb5 Bd7 6. Bxc6 Bxc6 7. Nc3 Nf6 8. Bg5 e6 9. O-O-O Be7 10. Qd3 Qa5 11. h4 O-O 12. Nd4 Rfc8 13. Kb1 Rab8 14. f4 b5 15. e5 dxe5 16. fxe5 b4 17. exf6 bxc3 18. Nb3 Rxb3 19. cxb3 Bb5 20. Qc2 Bb4 21. a3 Bxa3 22. bxa3 Be2 23. Qxe2 c2+ 24. Ka2 cxd1=R 25. Rxd1 h6 26. Bc1 Qf5 27. Bb2 g6 1-0